| 000 | 01367nam0a2200301 4500 | ||
|---|---|---|---|
| 001 | RU\NLR\BIBL_A\022784301 | ||
| 005 | 20260420064034.0 | ||
| 010 | _9500 | ||
| 035 | _a(NLR Aleph) 022784301 | ||
| 090 |
_a13689543 _c13689543 |
||
| 100 | _a20260414d1976 m y0rusy50 ca | ||
| 101 | 0 | _atyv | |
| 102 | _aRU | ||
| 105 | _ay z 000 y | ||
| 181 | 0 |
_ai _baxxe |
|
| 182 | 0 | _an | |
| 200 | 1 |
_aБруцеллез аарыы-биле демисежириниң хемчеглери _dМеры борьбы с бруцеллезом _fТыва АССР-ниң Министрлер чөвүлели, Тыва АССР-ниң көдээ ажыл-агый Министерствозу/ Совет Министров Тувинской АССР, Министерство сельского хозяйства Тувинской АССР _gРедакторы издания Сандю С. А., Бородина А. Д. |
|
| 203 |
_aТекст _bвизуальный _cнепосредственный |
||
| 210 |
_aКызыл _cТываның ном үндүрер чери _d1976 |
||
| 215 |
_a50 с _cтабл. _d20 |
||
| 541 | 1 |
_aБруцеллез _zrus |
|
| 686 | 1 | _aП873.214 | |
| 702 | 1 |
_aСандю _bС. А. _4340 |
|
| 702 | 1 |
_aБородина _bА. Д. _4340 |
|
| 852 |
_aNLR _bОНЛ _jТув./2-977 |
||
| 942 | _cBOOK | ||
| 980 | _aNB | ||